000 00249nam a22000857a 4500
008 160716b xxu||||| |||| 00| 0 eng d
100 _92954
_a Wickramasinghe, N
245 _aBaby Blue Whale's Birthday Party
260 _aNew Delhi
_bOrient Publication
_c2003
999 _c2518
_d2518